Самоучитель по Windows 95 (Запись № 20459)

Подробности
000 -МАРКЕР
контрольное поле 02591nam0a2200397 4500
001 - ИДЕНТИФИКАТОР ЗАПИСИ
контрольное поле RU\NLR\bibl\6969
005 - ИДЕНТИФИКАТОР ВЕРСИИ
контрольное поле 20260406051545.0
010 ## - МЕЖДУНАРОДНЫЙ СТАНДАРТНЫЙ НОМЕР КНИГИ (ISBN)
Номер (ISBN) 5-855872-135-3
Тираж 5000
021 ## - НОМЕР ГОСУДАРСТВЕННОЙ РЕГИСТРАЦИИ
Код страны Российская Федерация
Номер 98-6490
Номер Листа государственной регистраци 312
035 ## - ДРУГИЕ СИСТЕМНЫЕ НОМЕРА
Идентификатор записи (NLR Aleph) 000006791
100 ## - ДАННЫЕ ОБЩЕЙ ОБРАБОТКИ
Данные общей обработки 19981104d1998 |||y0rusy50 ca
101 0# - ЯЗЫК РЕСУРСА
Язык текста, звукозаписи и т.д. русский
102 ## - СТРАНА ПУБЛИКАЦИИ ИЛИ ПРОИЗВОДСТВА
Страна публикации Российская Федерация
105 ## - ПОЛЕ КОДИРОВАННЫХ ДАННЫХ: ТЕКСТОВЫЕ МАТЕРИАЛЫ, МОНОГРАФИЧЕСКИЕ
Кодированные данные о монографическом текстовом документе a |||||||||
200 1# - ЗАГЛАВИЕ И СВЕДЕНИЯ ОБ ОТВЕТСТВЕННОСТИ
Основное заглавие Самоучитель по Windows 95
Сведения, относящиеся к заглавию [Экспресс-курс]
Первые сведения об ответственности Д.В. Васильев
210 ## - ПУБЛИКАЦИЯ, РАСПРОСТРАНЕНИЕ И ДР.
Место издания, распространения и т.д. М.
Имя издателя, распространителя и т. д. ПРИОР
Дата издания, распространения и т.д. 1998
215 ## - ФИЗИЧЕСКАЯ ХАРАКТЕРИСТИКА
Специфическое обозначение материала и объем 233 с.
Другие сведения о физической характеристике ил.
Размеры 20
606 0# - НАИМЕНОВАНИЕ ТЕМЫ КАК ПРЕДМЕТ
Наименование темы MICROSOFT WINDOWS 95, операционная система
Формальный подзаголовок Руководства, пособия и т.п.
Системный номер авторитетной/нормативной записи 2071186
Идентификатор авторитетной/нормативной записи RU\NLR\auth\661245937
606 0# - НАИМЕНОВАНИЕ ТЕМЫ КАК ПРЕДМЕТ
Наименование темы MICROSOFT WINDOWS 95, операционная система
Формальный подзаголовок Учебные издания для самообразования
Системный номер авторитетной/нормативной записи 2071186
Идентификатор авторитетной/нормативной записи RU\NLR\auth\661245937
606 0# - НАИМЕНОВАНИЕ ТЕМЫ КАК ПРЕДМЕТ
Наименование темы MICROSOFT WORD 7.0, текстовый редактор
Формальный подзаголовок Руководства, пособия и т.п.
Системный номер авторитетной/нормативной записи 2074233
Идентификатор авторитетной/нормативной записи RU\NLR\auth\661249215
606 0# - НАИМЕНОВАНИЕ ТЕМЫ КАК ПРЕДМЕТ
Наименование темы MICROSOFT WORD 7.0, текстовый редактор
Формальный подзаголовок Учебные издания для самообразования
Системный номер авторитетной/нормативной записи 2074233
Идентификатор авторитетной/нормативной записи RU\NLR\auth\661249215
606 0# - НАИМЕНОВАНИЕ ТЕМЫ КАК ПРЕДМЕТ
Наименование темы MICROSOFT EXCEL 7.0, электронные таблицы
Формальный подзаголовок Руководства, пособия и т.п.
Системный номер авторитетной/нормативной записи 2077453
Идентификатор авторитетной/нормативной записи RU\NLR\auth\661253082
606 0# - НАИМЕНОВАНИЕ ТЕМЫ КАК ПРЕДМЕТ
Наименование темы MICROSOFT EXCEL 7.0, электронные таблицы
Формальный подзаголовок Учебные издания для самообразования
Системный номер авторитетной/нормативной записи 2077453
Идентификатор авторитетной/нормативной записи RU\NLR\auth\661253082
606 0# - НАИМЕНОВАНИЕ ТЕМЫ КАК ПРЕДМЕТ
Наименование темы MICROSOFT MAIL, электронная почта
Формальный подзаголовок Руководства, пособия и т.п.
Системный номер авторитетной/нормативной записи 2080480
Идентификатор авторитетной/нормативной записи RU\NLR\auth\661256416
606 0# - НАИМЕНОВАНИЕ ТЕМЫ КАК ПРЕДМЕТ
Наименование темы MICROSOFT MAIL, электронная почта
Формальный подзаголовок Учебные издания для самообразования
Системный номер авторитетной/нормативной записи 2080480
Идентификатор авторитетной/нормативной записи RU\NLR\auth\661256416
606 0# - НАИМЕНОВАНИЕ ТЕМЫ КАК ПРЕДМЕТ
Наименование темы NORTON UTILITES, сервисная программа
Формальный подзаголовок Руководства, пособия и т.п.
Системный номер авторитетной/нормативной записи 922005
Идентификатор авторитетной/нормативной записи RU\NLR\auth\6619259
606 0# - НАИМЕНОВАНИЕ ТЕМЫ КАК ПРЕДМЕТ
Наименование темы NORTON UTILITES, сервисная программа
Формальный подзаголовок Учебные издания для самообразования
Системный номер авторитетной/нормативной записи 922005
Идентификатор авторитетной/нормативной записи RU\NLR\auth\6619259
686 ## - ИНДЕКСЫ ДРУГИХ КЛАССИФИКАЦИЙ
Индекс З973.23-018.2я78-1
700 #1 - ИМЯ ЛИЦА - ПЕРВИЧНАЯ ОТВЕТСТВЕННОСТЬ
Код отношения Автор
Материалы, к которым относится поле rus
Графика поля Кириллица
Начальный элемент ввода Васильев
Часть имени, кроме начального элемента ввода Д. В.
Дополнения к именам, кроме дат специалист в обл. компьютер. технологий
Расширение инициалов личного имени Дмитрий Владимирович
Идентификатор авторитетной/нормативной записи RU\NLR\auth\776798
Системный номер авторитетной/нормативной записи 116746
801 #0 - ИСТОЧНИК ЗАПИСИ
Страна Российская Федерация
Организация NLR
Дата составления 19981104
Правила каталогизации PSBO
801 #1 - ИСТОЧНИК ЗАПИСИ
Страна Российская Федерация
Организация NLR
Дата составления 19981104
830 ## - ОБЩЕЕ ПРИМЕЧАНИЕ, СОСТАВЛЕННОЕ КАТАЛОГИЗАТОРОМ
Текст примечания авт.раскрыт по кн.
852 ## - МЕСТОНАХОЖДЕНИЕ И ШИФР ХРАНЕНИЯ
Идентификатор организации NLR
Шифр хранения (Call Number) 98-3/2621
942 ## - ДОПОЛНИТЕЛЬНЫЕ ЭЛЕМЕНТЫ ЗАПИСИ (АБИС)
Тип экземпляра АБИС Книга
980 ## - КОЛЛЕКЦИЯ
Название коллекции Национальная библиография
Экземпляры
Тип экземпляра Дата поступления Источник поступления Библиотека постоянного хранения Библиотека текущего хранения Место хранения Штрих-код Статус экземпляра
Книга 08.10.2004 Подсобные фонды РНБ РНБ (Московский) РНБ (Московский) Обменный фонд 767926  
Книга 13.10.2004 Подсобные фонды РНБ РНБ (Московский) РНБ (Московский) Обменный фонд 770483